000 nam a22 7a 4500
999 _c25530
_d25530
008 170131b xxu||||| |||| 00| 0 eng d
020 _a0131178318
050 _aRC 86.7 .B5964 2005
100 _aBledsoe, Bryan E.
245 _aParamedic care principles & practice/
_cBryan E. Bledsoe, Robert S. Porter and Richard A. Cherry.
260 _aUpper saddle River:
_bPearson,
_c2005.
300 _axlvi, 362p. :
_bill. ;
_c28cm.
500 _aInclude index.
650 _aemergency medical technicians.
650 _aEmergencies.
700 _aPorter, Robert S.
700 _aCherry, Richard A.
942 _2lcc
_cBOOKS